| 000 | 00874nam a22002777a 4500 | ||
|---|---|---|---|
| 001 | BR0003956 | ||
| 003 | BR-BrBNA | ||
| 005 | 20230928100738.0 | ||
| 007 | ta | ||
| 008 | 230509b bl.||||| |||| 00| 0 por d | ||
| 040 |
_aBR-BrBNA _bpor _cBiblioteca Nacional de Agricultura |
||
| 041 | _a(Por) | ||
| 072 |
_aF01 _b2120 |
||
| 090 | _ 2120 BR0003956 | ||
| 110 | 1 |
_aUniversidade de Uberaba, MG (Brasil) _910592 |
|
| 111 | 1 |
_a4. Simposio de Pesquisa Cafeeira do Cerrado7. Encontro dos Cafeicultores _cCarmo do Paranaiba, MG (Brazil) _d5-6 Aug 1999 |
|
| 245 | 1 | _a4. Simposio de Pesquisa Cafeeira do Cerrado; 7. Encontro dos Cafeicultores | |
| 260 | 3 |
_aUberaba, MG (Brasil): _c1999. |
|
| 300 | _a44 p. | ||
| 500 | _a75 illus.; Summary only | ||
| 650 | _aCafe | ||
| 650 | _aPratica Cultural | ||
| 650 | _aCerrado | ||
| 909 |
_a202309 _bLucia _c55 _dLucia Elande |
||
| 942 | _cBK | ||
| 999 |
_c62601 _d62601 |
||